nourriture - Statistiques

Statistiques générales
  • Ce quiz a été pris 2 248 fois
  • Le résultat moyen est 14 sur 15
Statistiques - réponses
Par images Réponse % Correct
pizza
99%
banane
97%
frite
97%
hot dog
97%
orange
97%
pomme
97%
poulet
96%
riz
96%
salade
93%
saumon
93%
taco
89%
soupe
87%
burger
83%
sandwich
82%
spaghetti
65%
Aucun quiz correspondant
Distribution des résultats
% des personnes avec chaque résultat
Percentile par nombre de réponses
Votre historique - résultats
Vous n’avez pas pris ce quiz